[Event "Aurora Spring op U2000"]
[Site "Aurora"]
[Date "2018.03.24"]
[Round "1.3"]
[White "Wang, Eric1"]
[Black "McGlynn, Danny"]
[Result "1-0"]
[WhiteElo "1663"]
[BlackElo "1849"]
[PlyCount "83"]
[EventDate "2018.03.24"]
[EventType "swiss"]
[EventRounds "5"]
[EventCountry "CAN"]
[SourceTitle "EXT 2022"]
[Source "ChessBase"]
[SourceDate "2021.10.06"]
[SourceVersion "1"]
[SourceVersionDate "2021.10.06"]
[SourceQuality "1"]

1. c4 e6 2. Nc3 b6 3. e4 Bb7 4. g3 Bb4 5. Bg2 Bxc3 6. bxc3 Nf6 7. d3 0-0 8. Ne2 d6 9. 0-0 Nbd7 10. f4 Nc5 11. Ba3 Nfd7 12. Qc2 f5 13. exf5 Bxg2 14. Kxg2 exf5 15. Nd4 Qc8 16. Rae1 Rf7 17. Re3 Nf6 18. h3 Qd7 19. Rfe1 Re8 20. Rxe8+ Nxe8 21. Bxc5 dxc5 22. Nf3 Re7 23. Rxe7 Qxe7 24. Ne5 Qd6 25. Qa4 Nf6 26. Qxa7 g6 27. Qa8+ Kg7 28. Qc6 Qxc6+ 29. Nxc6 Kf7 30. Ne5+ Ke6 31. g4 g5 32. fxg5 Nd5 33. cxd5+ Kxe5 34. gxf5 Kxf5 35. Kg3 Kxg5 36. h4+ Kf5 37. Kf3 Ke5 38. Kg4 Kf6 39. h5 b5 40. a3 h6 41. Kf4 Kf7 42. Kf5 1-0

[Event "CAN-ch Amateur U2100"]
[Site "Kitchener"]
[Date "2010.08.02"]
[Round "7"]
[White "Cunningham, Ross"]
[Black "McGlynn, Danny"]
[Result "1/2-1/2"]
[WhiteElo "1855"]
[BlackElo "1886"]
[PlyCount "84"]
[EventDate "2010.07.30"]
[EventType "swiss"]
[EventRounds "7"]
[EventCountry "CAN"]
[SourceTitle "EXT 2022"]
[Source "ChessBase"]
[SourceDate "2021.10.06"]
[SourceVersion "1"]
[SourceVersionDate "2021.10.06"]
[SourceQuality "1"]

1. e4 c6 2. d4 d5 3. Nc3 dxe4 4. Nxe4 Nf6 5. Nxf6+ exf6 6. Nf3 Bd6 7. Bd3 0-0 8. 0-0 Be6 9. b3 Nd7 10. c4 Re8 11. Qc2 Nf8 12. Bb2 a5 13. Rfe1 a4 14. Bc3 axb3 15. axb3 Rxa1 16. Rxa1 Qc7 17. h3 Rc8 18. Nd2 Qd7 19. Nf1 Ng6 20. Bd2 f5 21. Re1 Nf4 22. Bxf4 Bxf4 23. Ne3 g6 24. Qb2 Bh6 25. Nc2 f4 26. Be4 Bg7 27. Qc1 g5 28. d5 cxd5 29. Rd1 d4 30. Qd2 Rd8 31. Qd3 f5 32. Bf3 g4 33. hxg4 fxg4 34. Be4 Bh8 35. Nb4 Qf7 36. Nd5 Rf8 37. Re1 Re8 38. Kf1 f3 39. Kg1 b5 40. gxf3 bxc4 41. bxc4 gxf3 42. Qxf3 Qxf3 1/2-1/2

[Event "CAN-ch Amateur U2100"]
[Site "Kitchener"]
[Date "2010.08.02"]
[Round "6"]
[White "Jackson, Nicholas"]
[Black "McGlynn, Danny"]
[Result "1-0"]
[WhiteElo "1624"]
[BlackElo "1886"]
[PlyCount "83"]
[EventDate "2010.07.30"]
[EventType "swiss"]
[EventRounds "7"]
[EventCountry "CAN"]
[SourceTitle "EXT 2022"]
[Source "ChessBase"]
[SourceDate "2021.10.06"]
[SourceVersion "1"]
[SourceVersionDate "2021.10.06"]
[SourceQuality "1"]

1. e4 c6 2. d4 d5 3. Nc3 dxe4 4. Nxe4 Nf6 5. Nxf6+ exf6 6. Nf3 Bd6 7. Bd3 0-0 8. 0-0 Be6 9. c3 Nd7 10. Qc2 g6 11. h4 Bd5 12. Bh6 Bxf3 13. Bxf8 Nxf8 14. gxf3 f5 15. Kg2 Qxh4 16. Rh1 Qg5+ 17. Kf1 Qf4 18. Qe2 Ne6 19. Qe3 Kg7 20. Ke2 h5 21. Rag1 Kf6 22. Bc4 Re8 23. Kd1 Qxe3 24. fxe3 Ng5 25. e4 fxe4 26. Re1 e3 27. f4 Bxf4 28. Rhf1 Kf5 29. Bd3+ Ne4 30. Rxe3 g5 31. Re2 h4 32. Rfe1 g4 33. Rxe4 Rxe4 34. Bxe4+ Kg5 35. Ke2 f5 36. Bh1 h3 37. Kf1 g3 38. Re7 Kg4 39. Rxb7 Bg5 40. Bxc6 f4 41. Rh7 h2 42. Kg2 1-0

[Event "Canadian op U2000"]
[Site "Kitchener"]
[Date "2006.07.20"]
[Round "6"]
[White "McGlynn, Danny"]
[Black "Dangberg, Karl"]
[Result "1-0"]
[WhiteElo "1776"]
[BlackElo "1663"]
[PlyCount "71"]
[EventDate "2006.07.15"]
[EventType "swiss"]
[EventRounds "9"]
[EventCountry "CAN"]
[SourceTitle "CBM 113 Extra"]
[Source "ChessBase"]
[SourceDate "2006.09.14"]
[SourceVersion "1"]
[SourceVersionDate "2006.09.14"]
[SourceQuality "1"]

1. e4 b6 2. Nc3 e6 3. Bc4 Bb7 4. Qe2 Nc6 5. Nf3 g6 6. d3 Bg7 7. Bg5 f6 8. Bh4 a6 9. 0-0-0 Qe7 10. d4 g5 11. Bg3 b5 12. d5 bxc4 13. dxc6 Bxc6 14. Qxc4 Nh6 15. Bxc7 Nf7 16. Nd4 0-0 17. Nxc6 dxc6 18. Ba5 Rfb8 19. Na4 Rb5 20. Qxc6 Rab8 21. Bc3 g4 22. Rd7 Bh6+ 23. Kb1 Qa3 24. Qxe6 Qf8 25. Bxf6 Bg7 26. Qxg4 Rb4 27. Nc5 h5 28. Qg6 a5 29. Ne6 Rxb2+ 30. Bxb2 Rxb2+ 31. Kc1 Rb1+ 32. Kxb1 Qb4+ 33. Kc1 Qb2+ 34. Kd2 Qb4+ 35. Ke3 Qb6+ 36. Rd4 1-0